Fonaments de la ideologia liberal-conservadora : la dictadura del Baró de Meer (1837-1839) / Josep M. Ollé Romeu la dictadura del Baró de Meer (1837-1839) / Josep M. Ollé Romeu
Descripción Física:
84 p. ; 17 cm
Colección:
Episodis de la història ; 308
MARC
| LEADER | 00000nam a2200000Ia 4500 | ||
|---|---|---|---|
| 001 | 11511 | ||
| 008 | 160829s1996 xx 000 0 cat d | ||
| 080 | |a H-1-238 | ||
| 100 | |a Ollé i Romeu, Josep M. |9 32348 | ||
| 245 | |a Fonaments de la ideologia liberal-conservadora : |b la dictadura del Baró de Meer (1837-1839) / Josep M. Ollé Romeu | ||
| 260 | |a Barcelona : |b Rafael Dalmau, |c 1996 | ||
| 300 | |a 84 p. ; |c 17 cm | ||
| 490 | |a Episodis de la història ; 308 | ||
| 650 | |a Meer, Baró de |9 32349 | ||
| 650 | |a Premsa |x Catalunya |x Història |x S. XIX |9 32350 | ||
| 650 | |a Liberalisme |x Catalunya |x Història I |9 32351 | ||
| 650 | 0 | |a Catalunya |x Política i govern |x S. XIX |9 32352 | |
| 901 | |a Arxiu | ||
| 942 | |n 1 | ||
| 952 | |0 0 |1 0 |4 0 |6 H1238 |7 1 |9 45953 |a Arxiu |b Arxiu |d 2016-12-01 |l 0 |o H-1-238 |p 11511 |r 2016-12-01 00:00:00 |w 2016-12-01 |y ARXIU | ||
| 999 | |c 49454 |d 49454 | ||